000 00725cam a22002174a 4500
001 14212823
003 OSt
005 20140514213003.0
008 051228s2001 es b 000 0 spa
020 _a99923-809-3-4
040 _cBMC
082 _a346.0157284
100 1 _918099
_aÁlvarez, Gladys Estella‏
245 1 0 _aResolución alterna de disputas en el derecho de familia y menores
_c[Gladys Estella Álvarez]
260 _aSan Salvador
_bConsejo Nacional de la Judicatura, Escuela de Capacitación Judicial
_c2001
300 _aX, 223 p.
_c22 cm
500 _aEn la cub.: Monografía
650 2 4 _aMediación familiar
_zEl Salvador
_918250
650 2 4 _aDerecho de familia
_zEl Salvador
_96814
942 _2ddc
_cBK
999 _c9690
_d9690